000 00615nam a2200181Ia 4500
008 151202s9999||||xx |||||||||||||| ||und||
082 _bPNVM-17536
100 _aमिराशी वा. वि.
245 _aसंशोधन मुकतावली.
260 _b"मयप्रदेश स.मंडळ, नागपूर."
260 _c0
300 _a216
600 _aमिराशी वा. वि.
630 _aसंशोधन मुकतावली.
700 _aमिराशी वा. वि.
730 _aसंशोधन मुकतावली.
942 _cBOOK
999 _c1283521
_d1283518